000 00719nam a22002292 4500
001 9550
003 BD-RjUL
005 20211208234810.0
008 140121r19611954e 001 0 eng d
035 _a(BD-RjUL)9595
040 _aUKM
_cUKM
_dEQO
_dBD-RjUL
_beng
041 _aeng
082 0 4 _a537.24
_218
_bVOD 1961
100 1 _aVon Hippel, Arthur R.
_q(Arthur Robert),
_d1898-
_929582
245 1 0 _aDielectric materials and applications :
_bpapers by twenty-two contributors /
260 _bM. I. T. press,
_cc1954 [printing 1961]
_aCambridge ;
_aMassachusetts :
300 _a438 p. :
_bill. ;
_c29 cm.
504 _aIncludes index.
650 _aDielectrics
_929583
650 _aMathematics
_9215477
942 _2ddc
_cBK
999 _c9550
_d9550